Shakespeare Alive (Record no. 531324)
[ view plain ]
| 000 -LEADER | |
|---|---|
| fixed length control field | 00346nam a2200133Ia 4500 |
| 008 - FIXED-LENGTH DATA ELEMENTS--GENERAL INFORMATION | |
| fixed length control field | 191014s9999 xx 000 0 und d |
| 020 ## - INTERNATIONAL STANDARD BOOK NUMBER | |
| International Standard Book Number | 978-0-553-27081-5 |
| 082 ## - DEWEY DECIMAL CLASSIFICATION NUMBER | |
| Classification number | 729.0941 |
| Author Mark | PAP |
| 100 ## - MAIN ENTRY--PERSONAL NAME | |
| Personal name | Joseph Papp, Elzabeth Kirkland |
| 9 (RLIN) | 24052 |
| 245 #0 - TITLE STATEMENT | |
| Title | Shakespeare Alive |
| 260 ## - PUBLICATION, DISTRIBUTION, ETC. | |
| Place of publication, distribution, etc. | USA |
| Name of publisher, distributor, etc. | Bantam Books |
| Date of publication, distribution, etc. | 1988 |
| 300 ## - PHYSICAL DESCRIPTION | |
| Extent | Peg,216 |
| 942 ## - ADDED ENTRY ELEMENTS (KOHA) | |
| Koha item type | Book |
| Withdrawn status | Lost status | Source of classification or shelving scheme | Damaged status | Not for loan | Permanent Location | Current Location | Date acquired | Source of acquisition | Cost, normal purchase price | Total Checkouts | Full call number | Barcode | Checked out | Date last seen | Date last checked out | Price effective from | Koha item type | Shelving location | Shelving control number |
|---|---|---|---|---|---|---|---|---|---|---|---|---|---|---|---|---|---|---|---|
| School of Natural Sciences (SNS) | School of Natural Sciences (SNS) | 10/15/2019 | Allied Book Company | 3344.80 | 2 | 792.0941PAP | SNS0003101 | 05/10/2024 | 04/25/2024 | 04/25/2024 | 10/15/2019 | Book | |||||||
| School of Natural Sciences (SNS) | School of Natural Sciences (SNS) | 11/07/2019 | 1 | 792.0941 PAP | SNS0003102 | 04/22/2024 | 11/07/2019 | 11/07/2019 | Book | General Stacks | English Literature | ||||||||
| School of Natural Sciences (SNS) | School of Natural Sciences (SNS) | 02/12/2020 | 1 | 792.0941 PAP 1988 | SNS0003103 | 10/22/2024 | 09/19/2024 | 02/12/2020 | Book | General Stacks | |||||||||
| School of Natural Sciences (SNS) | School of Natural Sciences (SNS) | 02/12/2020 | 4 | 792.0941 PAP | SNS0003104 | 02/20/2024 | 01/31/2024 | 02/12/2020 | Book | General Stacks |
